000 00446pab a2200181 454500
008 180718b1999 xxu||||| |||| 00| 0 eng d
100 _aAhulwalia, Montek Singh
245 _aNot untouched by reforms
260 _c1999
300 _ap.8
362 _a22 Apr
650 _aAgriculture
650 _aAgricultural reforms
650 _aAgricultural policy - India
650 _aEconomic reform
773 _aEconomic Times
909 _a42427
999 _c42427
_d42427